00340pab a2200121 454500008004000000100001900040245007200059260000900131300001500140362001100155650001800166773003400184180718b2001 xxu||||| |||| 00| 0 eng d aSshankar Gopal aAmerican anti-globalisation movement: re-examining Seattle protests c2001 ap.3226-232 a25 Aug aGlobalization aEconomic and Political Weekly